<?xml version="1.0" encoding="UTF-8"?>
<record
    xmlns:xsi="http://www.w3.org/2001/XMLSchema-instance"
    xsi:schemaLocation="http://www.loc.gov/MARC21/slim http://www.loc.gov/standards/marcxml/schema/MARC21slim.xsd"
    xmlns="http://www.loc.gov/MARC21/slim">

  <leader>01738nam a22002417a 4500</leader>
  <controlfield tag="003">NALT</controlfield>
  <controlfield tag="005">20210910112643.0</controlfield>
  <controlfield tag="008">210301b        th ||||| |||| 00| 0 tha d</controlfield>
  <datafield tag="040" ind1=" " ind2=" ">
    <subfield code="a">NALT</subfield>
  </datafield>
  <datafield tag="050" ind1=" " ind2=" ">
    <subfield code="a">JQ 1746.Z13R4</subfield>
    <subfield code="b">&#xE1E;123&#xE2D; 2564</subfield>
  </datafield>
  <datafield tag="100" ind1="0" ind2=" ">
    <subfield code="9">50710</subfield>
    <subfield code="a">&#xE1E;&#xE07;&#xE28;&#xE4C;&#xE17;&#xE31;&#xE28; &#xE27;&#xE19;&#xE34;&#xE0A;&#xE32;&#xE19;&#xE31;&#xE19;&#xE17;&#xE4C;</subfield>
  </datafield>
  <datafield tag="245" ind1="1" ind2="0">
    <subfield code="a">&#xE2D;&#xE34;&#xE19;&#xE40;&#xE17;&#xE2D;&#xE23;&#xE4C;&#xE40;&#xE1F;&#xE2A;&#xE02;&#xE2D;&#xE07;&#xE23;&#xE30;&#xE1A;&#xE1A;&#xE23;&#xE31;&#xE10;&#xE44;&#xE17;&#xE22;&#xE01;&#xE31;&#xE1A;&#xE01;&#xE32;&#xE23;&#xE21;&#xE35;&#xE2A;&#xE48;&#xE27;&#xE19;&#xE23;&#xE48;&#xE27;&#xE21;&#xE02;&#xE2D;&#xE07;&#xE1B;&#xE23;&#xE30;&#xE0A;&#xE32;&#xE0A;&#xE19; (&#xE23;&#xE32;&#xE22;&#xE07;&#xE32;&#xE19;&#xE17;&#xE35;&#xE14;&#xE35;&#xE2D;&#xE32;&#xE23;&#xE4C;&#xE44;&#xE2D; &#xE09;&#xE1A;&#xE31;&#xE1A;&#xE17;&#xE35;&#xE48; 173 &#xE21;&#xE01;&#xE23;&#xE32;&#xE04;&#xE21; 2564) /</subfield>
    <subfield code="c">&#xE1C;&#xE39;&#xE49;&#xE2A;&#xE23;&#xE38;&#xE1B; &#xE1E;&#xE07;&#xE28;&#xE4C;&#xE17;&#xE31;&#xE28; &#xE27;&#xE19;&#xE34;&#xE0A;&#xE32;&#xE19;&#xE31;&#xE19;&#xE17;&#xE4C; &#xE41;&#xE25;&#xE30;&#xE20;&#xE39;&#xE29;&#xE34;&#xE21;&#xE32; &#xE20;&#xE34;&#xE0D;&#xE42;&#xE0D;&#xE2A;&#xE34;&#xE19;&#xE27;&#xE31;&#xE12;&#xE19;&#xE4C; ; &#xE1A;&#xE23;&#xE23;&#xE13;&#xE32;&#xE18;&#xE34;&#xE01;&#xE32;&#xE23;&#xE1A;&#xE23;&#xE34;&#xE2B;&#xE32;&#xE23; &#xE08;&#xE34;&#xE23;&#xE32;&#xE01;&#xE23; &#xE22;&#xE34;&#xE48;&#xE07;&#xE44;&#xE1E;&#xE1A;&#xE39;&#xE25;&#xE22;&#xE4C;&#xE27;&#xE07;&#xE28;&#xE4C; ; &#xE01;&#xE2D;&#xE07;&#xE1A;&#xE23;&#xE23;&#xE13;&#xE32;&#xE18;&#xE34;&#xE01;&#xE32;&#xE23; &#xE27;&#xE31;&#xE12;&#xE19;&#xE32; &#xE01;&#xE32;&#xE0D;&#xE08;&#xE19;&#xE32;&#xE19;&#xE34;&#xE25;.</subfield>
  </datafield>
  <datafield tag="260" ind1=" " ind2=" ">
    <subfield code="a">&#xE01;&#xE23;&#xE38;&#xE07;&#xE40;&#xE17;&#xE1E;&#xE2F; :</subfield>
    <subfield code="b">&#xE2A;&#xE16;&#xE32;&#xE1A;&#xE31;&#xE19;&#xE27;&#xE34;&#xE08;&#xE31;&#xE22;&#xE40;&#xE1E;&#xE37;&#xE48;&#xE2D;&#xE01;&#xE32;&#xE23;&#xE1E;&#xE31;&#xE12;&#xE19;&#xE32;&#xE1B;&#xE23;&#xE30;&#xE40;&#xE17;&#xE28;&#xE44;&#xE17;&#xE22;,</subfield>
    <subfield code="c">2564.</subfield>
  </datafield>
  <datafield tag="300" ind1=" " ind2=" ">
    <subfield code="a">8 &#xE2B;&#xE19;&#xE49;&#xE32; : </subfield>
    <subfield code="b">&#xE20;&#xE32;&#xE1E;&#xE1B;&#xE23;&#xE30;&#xE01;&#xE2D;&#xE1A;, &#xE15;&#xE32;&#xE23;&#xE32;&#xE07; ;</subfield>
    <subfield code="c">28 &#xE0B;&#xE21;.</subfield>
  </datafield>
  <datafield tag="650" ind1=" " ind2="4">
    <subfield code="9">36462</subfield>
    <subfield code="a">&#xE1A;&#xE23;&#xE34;&#xE01;&#xE32;&#xE23;&#xE2A;&#xE32;&#xE18;&#xE32;&#xE23;&#xE13;&#xE30;</subfield>
    <subfield code="x">&#xE01;&#xE32;&#xE23;&#xE21;&#xE35;&#xE2A;&#xE48;&#xE27;&#xE19;&#xE23;&#xE48;&#xE27;&#xE21;&#xE02;&#xE2D;&#xE07;&#xE1B;&#xE23;&#xE30;&#xE0A;&#xE32;&#xE0A;&#xE19;</subfield>
  </datafield>
  <datafield tag="700" ind1="0" ind2=" ">
    <subfield code="9">50822</subfield>
    <subfield code="a">&#xE20;&#xE39;&#xE29;&#xE34;&#xE21;&#xE32; &#xE20;&#xE34;&#xE0D;&#xE42;&#xE0D;&#xE2A;&#xE34;&#xE19;&#xE27;&#xE31;&#xE12;&#xE19;&#xE4C;</subfield>
  </datafield>
  <datafield tag="700" ind1="0" ind2=" ">
    <subfield code="a">&#xE08;&#xE34;&#xE23;&#xE32;&#xE01;&#xE23; &#xE22;&#xE34;&#xE48;&#xE07;&#xE44;&#xE1E;&#xE1A;&#xE39;&#xE25;&#xE22;&#xE4C;&#xE27;&#xE07;&#xE28;&#xE4C;</subfield>
    <subfield code="9">10519</subfield>
  </datafield>
  <datafield tag="700" ind1="0" ind2=" ">
    <subfield code="9">19356</subfield>
    <subfield code="a">&#xE27;&#xE31;&#xE12;&#xE19;&#xE32; &#xE01;&#xE32;&#xE0D;&#xE08;&#xE19;&#xE32;&#xE19;&#xE34;&#xE08;</subfield>
  </datafield>
  <datafield tag="850" ind1=" " ind2=" ">
    <subfield code="a">NALT</subfield>
  </datafield>
  <datafield tag="942" ind1=" " ind2=" ">
    <subfield code="c">GB</subfield>
    <subfield code="2">lcc</subfield>
  </datafield>
  <datafield tag="998" ind1=" " ind2=" ">
    <subfield code="a">bijaya</subfield>
    <subfield code="j">104</subfield>
    <subfield code="k"> &#xE2A;&#xE32;&#xE22;&#xE1D;&#xE19; &#xE14;&#xE35;&#xE07;&#xE32;&#xE21;</subfield>
  </datafield>
  <datafield tag="999" ind1=" " ind2=" ">
    <subfield code="c">98053</subfield>
    <subfield code="d">98053</subfield>
  </datafield>
  <datafield tag="952" ind1=" " ind2=" ">
    <subfield code="0">0</subfield>
    <subfield code="1">0</subfield>
    <subfield code="2">lcc</subfield>
    <subfield code="4">0</subfield>
    <subfield code="7">0</subfield>
    <subfield code="8">CGBL</subfield>
    <subfield code="a">NALT</subfield>
    <subfield code="b">NALT</subfield>
    <subfield code="c">GEN</subfield>
    <subfield code="d">2021-03-17</subfield>
    <subfield code="o">JQ 1746.Z13R4 &#xE1E;123&#xE2D; 2564</subfield>
    <subfield code="p">3961211711</subfield>
    <subfield code="r">2021-03-29 00:00:00</subfield>
    <subfield code="w">2021-03-17</subfield>
    <subfield code="y">GB</subfield>
  </datafield>
</record>
